Statystyki dla Stolice krajów koronnych monarchii austro-węgierskiej

Kliknij tutaj aby rozwiązać quiz!

Ogólne statystyki

  • Ten quiz został rozwiązany 69 razy
  • Średni wynik to 9 z 18

Statystyki odpowiedzi

Nazwa kraju koronnegoStolica% Poprawnych
Królestwo CzechPraga
100%
Królestwo WęgierBudapeszt
97%
Arcyksiętwo Austrii przed AmiząWiedeń
89%
Królestwo Chorwacji i SławoniiZagrzeb
87%
Księstwo SalzburgaSalzburg
83%
Królestwo Galicji i LodomeriiLwów
81%
Margrabstwo MorawBrno
65%
Książęce Hrabstwo TyroluInnsbruck
51%
Księstwo StyriiGraz
48%
Arcyksięstwo Austrii za AmiząLinz
44%
Księstwo KrainyLublana
44%
Bośnia i HercegowinaMostar
37%
Pobrzeże AustriackieTriest
35%
Królestwo DalmacjiZadar
32%
Księstwo KaryntiiKlagenfurt
21%
Księstwo Górnego i Dolnego ŚląskaOpawa
16%
Księstwo BukowinyCzerniowce
14%
Kraj VoralbergBregencja
6%

Rozkład punktacji

Percentyl według liczby udzielonych odpowiedzi

Procent ludzi z każdym wynikiem

Twoja historia wyników

Nie rozwiązałeś tego quizu